|
|
|
|
| LEADER |
00000nam2a2200000 4500 |
| 001 |
325975 |
| 005 |
20231102003820.0 |
| 035 |
|
|
|a (RuTPU)RU\TPU\book\351591
|
| 090 |
|
|
|a 325975
|
| 100 |
|
|
|a 20161215d1962 km y0rusy50 ca
|
| 101 |
0 |
|
|a rus
|
| 102 |
|
|
|a RU
|
| 105 |
|
|
|a a z 001zy
|
| 200 |
0 |
|
|a Вып. 2 : Силовые электромагниты и контакторы
|
| 210 |
|
|
|d 1962
|
| 215 |
|
|
|a 165 с.
|c ил.
|
| 320 |
|
|
|a Библиогр.: с. 163
|
| 461 |
|
1 |
|0 (RuTPU)RU\TPU\book\279069
|t Пособие по проектированию и расчету элементов и систем авиационного электрооборудования
|f М. В. Гутовский, В. Ф. Коршунов
|g Московский авиационный институт (МАИ) ; под ред. Ю. А. Попова
|v Вып. 2 : Силовые электромагниты и контакторы
|d 1961-
|
| 606 |
1 |
|
|a Авиационное оборудование электрическое
|2 stltpush
|3 (RuTPU)RU\TPU\subj\158
|9 29179
|
| 610 |
1 |
|
|a элементы
|
| 610 |
1 |
|
|a системы
|
| 610 |
1 |
|
|a проектирование
|
| 610 |
1 |
|
|a расчеты
|
| 610 |
1 |
|
|a электромагниты
|
| 610 |
1 |
|
|a контакторы
|
| 610 |
1 |
|
|a обмотки
|
| 610 |
1 |
|
|a временные параметры
|
| 675 |
|
|
|a 629.73.06
|v 4
|
| 801 |
|
1 |
|a RU
|b 63413507
|c 20161215
|
| 801 |
|
2 |
|a RU
|b 63413507
|c 20171206
|g RCR
|
| 942 |
|
|
|c BK
|